| 000 | 00617nam a2200193Ia 4500 | ||
|---|---|---|---|
| 008 | 151121s9999||||xx |||||||||||||| ||und|| | ||
| 082 | _a811/सानेक | ||
| 082 | _bHNW-115941 | ||
| 100 | _aसानेकर चंद्रशेखर | ||
| 245 | _aदीपदान | ||
| 260 | _b"ग्रंथाली प्रकाशन, मुंबई।" | ||
| 260 | _c2014 | ||
| 300 | _a144 | ||
| 600 | _aसानेकर चंद्रशेखर | ||
| 630 | _aदीपदान | ||
| 700 | _aसानेकर चंद्रशेखर | ||
| 730 | _aदीपदान | ||
| 942 | _cBOOK | ||
| 999 |
_c1264629 _d1264626 |
||